000 01161cam a22002771i 4500
003 SA-RiAUC
005 20241006145608.0
008 241005s2000 sy g 000 0bara c
040 _aIQ-KaIHL
_bara
_cSA-RiAUC.
_erda
082 0 4 _a922.113
_qSA-RiAUC
090 _a922.113
_bغ و ر
100 1 _aالغوري، عبد الماجد
_eمؤلف.
245 1 2 _aالعلامة أبو الحسن علي الحسني الندوي ونظراته وتأملاته وجهوده في الأدب الإسلامي /
_cتأليف عبد الماجد الغوري.
250 _aالطبعة الأولى.
264 1 _aدمشق :
_bدار ابن كثير،
_c2000
300 _a141 صفحة ؛
_c21 سم
336 _aنص
_btxt
_2rdacontent
_3كتاب
337 _aبدون وسيط
_bn
_2rdamedia
338 _aمجلد
_bnc
_2rdacarrier
600 1 7 _aالندوي، علي الحسني،
_d1913-1999
_2aucnm
650 7 _aالدعاة المسلمون
_vتراجم
_2aucsh
650 7 _aالأدب الإسلامي
_xتاريخ ونقد
_2aucsh
650 7 _aالمسلمون
_vتراجم
_2aucsh
942 _2ddc
_cBOOK
_n0
949 _aSA-JeALM
_d241005
_umohamedma123
_n1
999 _c950
_d950